Top 20 world countries by size-Sudden Death - Statistics

General Stats
  • This quiz has been taken 145 times
  • The average score is 9 of 20
Answers on the Grid
Answers color-coded by a green-red scale on the quiz's grid according to % correct below.
Zambia
Venezuela
Uzbekistan
USA
Ukraine
Turkey
Thailand
Tanzania
Sudan
Spain
South Africa
Somalia
Saudi Arabia
Russia
Romania
Philippines
Peru
Pakistan
Nigeria
Niger
Namibia
Myanmar
Mozambique
Mongolia
Mexico
Mali
Libya
Kazakhstan
Iran
Indonesia
India
Germany
France
Ethiopia
Egypt
DRC
Denmark(full potential)
Colombia
China
Chile
Chad
CAR
Canada
Brazil
Bolivia
Australia
Argentina
Angola
Algeria
Afghanistan
 
Answer Stats
Answer % Correct
USA
89%
Russia
73%
China
60%
Australia
57%
Brazil
57%
Canada
57%
Argentina
49%
India
49%
Saudi Arabia
48%
Kazakhstan
47%
Algeria
43%
DRC
39%
Sudan
36%
Denmark(full potential)
35%
Mexico
31%
Mongolia
27%
Indonesia
24%
Libya
24%
Iran
21%
Peru
11%
No matching quizzes found
Score Distribution
Percent of People with Each Score
Percentile by Number Answered
Your Score History
You have not taken this quiz